| 000 | 00472nam a2200169 a 4500 | ||
|---|---|---|---|
| 005 | 20240807063832.0 | ||
| 008 | 991125s1969 ve 000 0 spa u | ||
| 035 | _aUPN01000006525 | ||
| 049 | _aF | ||
| 050 | 4 |
_aPQ8549 B4.2 _bC3.6 |
|
| 100 | 1 |
_aBlanco, Andrés Eloy, _d1898-1955 _942819 |
|
| 245 | 1 | 0 |
_aCanto a los hijos / _cAndrés Eloy Blanco. |
| 260 |
_aVenezuela : _b[s.n.], _c1969. |
||
| 300 |
_a[31] h. : _bil. |
||
| 650 | 4 |
_aPoesía venezolana _925779 |
|
| 905 | _aLibro | ||
| 999 |
_c6525 _d6525 |
||